Hacia una resignificación de los conceptos técnica y tecnología: (Registro nro. 20236)

Detalles MARC
000 -CABECERA
Campo de control 00954nam a22002417a 4500
005 - FECHA Y HORA DE LA ULTIMA TRANSACCION
Campo de control 20191224042349.0
008 - ELEMENTOS DE LONGITUD FIJA—INFORMACION GENERAL
Campo de control 180608b205 ck |||||r|||| 00| 0 spa d
020 ## - ISBN
ISBN 9789587222241
040 ## - FUENTE DE CATALOGACIÓN
Agencia catalogadora original CO-BoIAVH
Agencia transcriptora CO-BoIAVH
041 ## - IDIOMA
Código de idioma para texto/pista de sonido o título separado Español
044 ## - PAÍS DE PUBLICACIÓN
País de publicación Colombia
082 14 - NUMERO DE CLASIFICACION DECIMAL DEWEY
Número de clasificación 303.483
Número del ítem M79h
100 1# - ASIENTO PRINCIPAL--NOMBRE PERSONAL
Nombre personal Montoya Suárez, Omar
Término relacionado autor
9 (RLIN) 91548
245 10 - MENCION DE TITULO
Título Hacia una resignificación de los conceptos técnica y tecnología:
Parte restante del título una reflexión crítica desde la política tecnológica : el caso del departamento de Risaralda), hacia la emergencia del sujeto
260 ## - PUBLICACION, DISTRIBUCION, ETC. (PIE DE IMPRENTA)
Lugar de publicación, distribución, etc. Pereira:
Nombre del editor, distribuidor, etc. EditorialUniversidad Tecnología de Pereira,
Fecha de publicación, distribución, etc. 2015.
300 ## - DESCRIPCION FISICA
Extensión 175 páginas,
650 14 - ASIENTO SECUNDARIO DE MATERIA - TERMINO TEMATICO
Término temático o nombre geográfico como elemento de entrada Desarrollo científico y tecnológico
9 (RLIN) 91549
650 14 - ASIENTO SECUNDARIO DE MATERIA - TERMINO TEMATICO
Término temático o nombre geográfico como elemento de entrada Política científica
9 (RLIN) 91550
650 14 - ASIENTO SECUNDARIO DE MATERIA - TERMINO TEMATICO
Término temático o nombre geográfico como elemento de entrada Política tecnológica
9 (RLIN) 24358
650 14 - ASIENTO SECUNDARIO DE MATERIA - TERMINO TEMATICO
Término temático o nombre geográfico como elemento de entrada Innovaciones tecnológicas
9 (RLIN) 91552
650 14 - ASIENTO SECUNDARIO DE MATERIA - TERMINO TEMATICO
Término temático o nombre geográfico como elemento de entrada Tecnologías de la información y la comunicación
9 (RLIN) 31638
942 ## - ELEMENTOS ADICIONALES (KOHA)
Sistema de clasificación Dewey Decimal Classification
Tipo de ítem Libro
Existencias
Withdrawn status Lost status Sistema de Clasificación Damaged status No para préstamo Colección Ubicación Permanente Ubicación actual Fecha de adquisición Fuente de Valor Valor Total Checkouts Número topográfico Inventario / Código de Barras Date last seen Ejemplar Price effective from Forma de adquisición Tipo de material
    Dewey Decimal Classification     General Bogotá Bogotá 08/06/2018 Instituto 30000.00   LB-303.483 M79h 043566 08/06/2018 Ej. 1 08/06/2018 Canje Libro